| 000 | 00739nam a2200193 i 4500 | ||
|---|---|---|---|
| 001 | 109480 | ||
| 003 | ES-MaACL | ||
| 005 | 20250811063142.0 | ||
| 007 | t| | ||
| 008 | 061121s1909 sp r ||||1| spa d | ||
| 100 | 1 |
_aOlóriz Aguilera, Federico, _d1855-1912 _987005 |
|
| 245 | 1 | 0 |
_aGuía para extender la tarjeta de identidad, según las lecciones dadas en la Escuela de Policía de Madrid / _cpor F. Olóriz Aguilera. |
| 260 |
_aMadrid : _b[s.n.], _c1909 ( _fImp. de los Hijos de M.G. Hernández) |
||
| 300 |
_a138 p. : _bil. ; _c16 cm. |
||
| 650 | 4 |
_aDocumentos de identidad- _zEspaña. _9154216 |
|
| 650 | 4 |
_aDactiloscopia. _9151776 |
|
| 852 |
_aES-MaACL _jT-285-F-1 _z.- Ded. manuscrita del autor |
||
| 999 |
_c109480 _d109480 |
||